Správa o sociálnej situácii obyvateľstva Slovenskej republiky v roku 1994 sekundárna analýza

Gespeichert in:
Bibliographische Detailangaben
1. Verfasser: Antalová, Mária, 1952-
Format: Buch
Sprache:Slowakisch
Veröffentlicht: Bratislava Konfederácia odborových zväzov Slovenskej republiky 1995
Schlagworte:
Tags: Tag hinzufügen
Keine Tags, Fügen Sie das erste Tag hinzu!

MARC

LEADER 00000nam$a2200000$$$4500
001 0112212
005 20240502072238.8
041 0 |a slo 
044 |a SK 
245 1 0 |a Správa o sociálnej situácii obyvateľstva Slovenskej republiky v roku 1994  |b sekundárna analýza  |c vypracovala: Mária Antalová 
264 1 |a Bratislava  |b Konfederácia odborových zväzov Slovenskej republiky  |c 1995 
300 |a 23 s. 
610 2 0 |a obyvateľstvo 
610 2 0 |a situácia sociálna 
610 2 0 |a úroveň životná 
610 2 0 |a ukazovatele ekonomické 
610 2 0 |a minimum existenčné 
610 2 0 |a trh práce 
610 2 0 |a zdravie 
610 2 0 |a byty 
610 2 0 |a ekonomika tieňová 
610 2 0 |a kriminalita 
610 2 0 |a Slovensko 
610 2 0 |a 1994 
100 1 |a Antalová, Mária, 1952-